000 00291nam a22001337a 4500
008 181009b xxu||||| |||| 00| 0 eng d
020 _a9781464101564
041 _aeng
080 _a510
100 _a36
101 _aMAT
245 _aFor All Practical Purposes
_cComad
942 _2udc
_cBK
999 _c49193
_d49193